[Event "Bursa-ch"]
[Site "Bursa"]
[Date "2015.01.08"]
[Round "2"]
[White "Cansun, Can Alp"]
[Black "Sahin, Yasin Efe"]
[Result "1-0"]
[WhiteElo "1712"]
[BlackElo "1428"]
[PlyCount "71"]
[EventDate "2015.01.07"]
[EventType "swiss"]
[EventRounds "7"]
[EventCountry "TUR"]
[SourceTitle "EXT 2016"]
[Source "ChessBase"]
[SourceDate "2015.10.08"]
[SourceVersion "1"]
[SourceVersionDate "2015.10.08"]
[SourceQuality "1"]

1. e4 c5 2. Nf3 Nc6 3. c3 d5 4. exd5 Qxd5 5. Na3 Bg4 6. Be2 Nf6 7. 0-0 e5 8. d3 Be7 9. Nc2 Rd8 10. Ne3 Qd7 11. Nxg4 Nxg4 12. h3 Nf6 13. Be3 Nd5 14. Qc2 f5 15. Rad1 f4 16. Bc1 Qf5 17. Qa4 g5 18. d4 cxd4 19. cxd4 e4 20. Ne5 Nb6 21. Bh5+ Kf8 22. Qb5 Nxd4 23. Rxd4 Rxd4 24. Qe8+ Kg7 25. Qxe7+ Kh6 26. Bg4 Qf8 27. Nf7+ Kg7 28. Qe5+ Kxf7 29. Bh5+ Kg8 30. Qxd4 Qe7 31. Bd2 h6 32. Bc3 Rh7 33. Bg6 Rg7 34. Qxg7+ Qxg7 35. Bxg7 Kxg7 36. Bxe4 1-0

[Event "Bursa-ch"]
[Site "Bursa"]
[Date "2015.01.07"]
[Round "1"]
[White "Sahin, Yasin Efe"]
[Black "Karacan, Canberk"]
[Result "0-1"]
[WhiteElo "1428"]
[BlackElo "1806"]
[PlyCount "82"]
[EventDate "2015.01.07"]
[EventType "swiss"]
[EventRounds "7"]
[EventCountry "TUR"]
[SourceTitle "EXT 2016"]
[Source "ChessBase"]
[SourceDate "2015.10.08"]
[SourceVersion "1"]
[SourceVersionDate "2015.10.08"]
[SourceQuality "1"]

1. e4 c5 2. Nf3 d6 3. d4 cxd4 4. Nxd4 Nf6 5. Nc3 g6 6. Be2 Bg7 7. Be3 0-0 8. 0-0 Nc6 9. h3 Bd7 10. f4 Qb6 11. Na4 Qb4 12. c3 Qa5 13. b3 Nxe4 14. Rc1 Ng3 15. Rf3 Nxe2+ 16. Nxe2 b5 17. Nc5 Bf5 18. g4 dxc5 19. gxf5 Rfd8 20. Qc2 c4 21. fxg6 hxg6 22. f5 Ne5 23. Rg3 Rd3 24. fxg6 Nxg6 25. bxc4 bxc4 26. Nd4 Be5 27. Nc6 Qc7 28. Nxe5 Qxe5 29. Qg2 Rad8 30. Rxg6+ fxg6 31. Qxg6+ Qg7 32. Qxg7+ Kxg7 33. Bxa7 e5 34. a3 Rd1+ 35. Rxd1 Rxd1+ 36. Kg2 Rd3 37. a4 Rxc3 38. a5 Ra3 39. Bb6 c3 40. Be3 c2 41. Bd2 Rxa5 0-1